A kezesség a magyar jogban
Elmentve itt :
| Szerző: | |
|---|---|
| További közreműködők: | |
| Dokumentumtípus: | Disszertáció |
| Megjelent: |
1948
|
| Kulcsszavak: | Jogtudomány |
| Tárgyszavak: | |
| Online Access: | http://doktori.ek.szte.hu/9519 |
| LEADER | 00617nta a2200193 i 4500 | ||
|---|---|---|---|
| 001 | dokt9519 | ||
| 005 | 20240328101806.0 | ||
| 008 | 240328s1948 hu om 0|| hun d | ||
| 040 | |a SZTE Doktori Repozitórium |b hun | ||
| 041 | |a hun | ||
| 100 | 1 | |a Molnár István | |
| 245 | 1 | 2 | |a A kezesség a magyar jogban |h [elektronikus dokumentum] / |c Molnár István |
| 260 | |c 1948 | ||
| 502 | |a Disszertacio | ||
| 650 | 4 | |a állam- és jogtudományok | |
| 650 | 4 | |a Jogtudomány | |
| 695 | |a Jogtudomány | ||
| 700 | 0 | 1 | |a nincs megadva |e ths |
| 856 | 4 | 0 | |u https://doktori.bibl.u-szeged.hu/id/eprint/9519/1/1948_molnar_istvan.pdf |z Dokumentum-elérés |